000 00758nas a2200241 4500
001 BR2012005456
003 BR-BrBNA
005 20231205120903.0
007 ta
008 230509b bl.|||p| |||| 00| 00por d
040 _aBR-BrBNA
_bpor
_cBiblioteca Nacional de Agricultura
041 _a(Pt)
072 _aL60
100 1 _aSantos, R.S.
100 1 _aMartinelli, N.M.
245 1 _aDescrição de novas espécies de Fidicinoides Boulard Martinelli (Hemiptera: Cicadidae)do Brasil
650 _aCIGARRA
650 _aTAXONOMIA
650 _aMORFOLOGIA ANIMAL
773 0 _tNeotropical Entomology (Brazil)
_xISSN 1519-566X
_g(Sep-Oct 2009), v. 38(5) p. 638-642
_wBR2012005456
909 _a202311
_bLúcia
_c55
_dLúcia Elande
942 _2AGRIS
_n0
_cANA
999 _c220806
_d220806